ՀՀ Գիտությունների ազգային ակադեմիայի հիմնարար գիտական գրադարան  =   Fundamental Scientific Library of NAS RA

Խաղերի տեսության կիրառությունը տնտեսագիտության և կառավարման մեջ : (Record no. 527094)

MARC details
000 -LEADER
fixed length control field 02309nam a2200337 a 4500
001 - CONTROL NUMBER
control field 1879323
003 - CONTROL NUMBER IDENTIFIER
control field AM-YEHGA
005 - DATE AND TIME OF LATEST TRANSACTION
control field 20250617164638.0
008 - FIXED-LENGTH DATA ELEMENTS--GENERAL INFORMATION
fixed length control field 221213s2022 ai d|||grf||||||||0|arm|d
020 ## - INTERNATIONAL STANDARD BOOK NUMBER
International Standard Book Number 9789939791180
040 ## - CATALOGING SOURCE
Original cataloging agency AM-YeHGA
041 0# - LANGUAGE CODE
Language code of text/sound track or separate title arm
090 ## - LOCALLY ASSIGNED LC-TYPE CALL NUMBER (OCLC); LOCAL CALL NUMBER (RLIN)
-- 565068
100 1# - MAIN ENTRY--PERSONAL NAME
Personal name Մկրտչյան, Սառա Աշոտի
245 10 - TITLE STATEMENT
Title Խաղերի տեսության կիրառությունը տնտեսագիտության և կառավարման մեջ :
Remainder of title Ուսումնական ձեռնարկ /
Statement of responsibility, etc. Ս.Ա. Մկրտչյան, Լ.Ա. Ալավերդյան, Ս.Մ. Բախշյան ; Գրախոսներ՝ Ա.Ա. Մկրտչյան, Լ.Կ. Հարությունյան ; [Խմբագիր՝ Ն.Ա. Խաչատրյան] ; ՀՀ ԿԳՄՍՆ, ՀԱՊՀ. ԼՔՏ ինստիտուտ, ԼԱԲՏ և կառ. սեկտոր.
260 ## - PUBLICATION, DISTRIBUTION, ETC.
Place of publication, distribution, etc. Երևան :
Name of publisher, distributor, etc. Ճարտարագետ,
Date of publication, distribution, etc. 2022.
300 ## - PHYSICAL DESCRIPTION
Extent 96 էջ ։
Other physical details աղյուսակներ ;
Dimensions 20 սմ.
504 ## - BIBLIOGRAPHY, ETC. NOTE
Bibliography, etc. note Մատենագիտություն՝ էջ 94 (9 անուն)։
504 ## - BIBLIOGRAPHY, ETC. NOTE
Bibliography, etc. note Տողատակում՝ մատենագիտական ծանոթագրություններ։
520 ## - SUMMARY, ETC.
Summary, etc. Ամփոփում՝ էջ 93։
650 14 - SUBJECT ADDED ENTRY--TOPICAL TERM
Topical term or geographic name entry element Մաթեմատիկական ծրագրավորում
General subdivision Խաղերի տեսություն
Form subdivision Ուսումնական ձեռնարկներ
650 14 - SUBJECT ADDED ENTRY--TOPICAL TERM
Topical term or geographic name entry element Տնտեսագիտություն
General subdivision Շուկայական հարաբերություններում մրցակցության տեսությունը
700 1# - ADDED ENTRY--PERSONAL NAME
Personal name Ալավերդյան, Լիանա Արմենակի
700 1# - ADDED ENTRY--PERSONAL NAME
Personal name Բախշյան, Սասուն Մյասնիկի
700 1# - ADDED ENTRY--PERSONAL NAME
Personal name Մկրտչյան, Ա.Ա.
Relator term գրախոս
Relationship rev
700 1# - ADDED ENTRY--PERSONAL NAME
Personal name Հարությունյան, Լ.Կ.
Relator term գրախոս
Relationship rev
700 1# - ADDED ENTRY--PERSONAL NAME
Personal name Խաչատրյան, Ն.Ա.
Relator term խմբ.
Relationship edt
710 2# - ADDED ENTRY--CORPORATE NAME
Corporate name or jurisdiction name as entry element ՀՀ կրթության, գիտության, մշակույթի և սպորտի նախարարություն
710 2# - ADDED ENTRY--CORPORATE NAME
Corporate name or jurisdiction name as entry element Հայաստանի ազգային պոլիտեխնիկական համալսարան.
Subordinate unit Լեռնամետալուրգիայի և քիմիական տեխնոլոգիաների ինստիտուտ
-- Լեռնամետալուրգիական արդյունաբերության և բնօգտագործման տնտեսագիտության և կառավարման սեկտոր
942 ## - ADDED ENTRY ELEMENTS (KOHA)
Source of classification or shelving scheme Universal Decimal Classification
Koha item type Գրքեր / Books
Holdings
Withdrawn status Lost status Source of classification or shelving scheme Damaged status Not for loan Collection Home library Current library Date acquired Total checkouts Full call number Barcode Date last seen Price effective from Koha item type Public note
    Universal Decimal Classification     General Fundamental Scientific Library Fundamental Scientific Library 22/02/2023   AII/109570 FL0678321 22/02/2023 22/02/2023 Գրքեր / Books 30 Days Loan
    Universal Decimal Classification     General Fundamental Scientific Library Fundamental Scientific Library 22/02/2023   AII/109571 FL0678322 22/02/2023 22/02/2023 Գրքեր / Books 30 Days Loan


ՀՀ ԳԱԱ հիմնարար գիտական գրադարան
ՀՀ,Երևան 0019
Մարշալ Բաղրամյան 24/6
հեռախոս:(374-10) 52-47-50
Հետադարձ կապ

All site content, except where otherwise noted, is licensed under a
Creative Commons License